000 01685nas a22003255i 4500
001 2056-306X
003 DE-He213
005 20260304140538.0
007 cr nn 008mamaa
008 150723s||||||||xxkuu poo|||||| b|EN |d
022 _a2056-306X
024 7 _a40851
_2local
210 1 0 _aZoological Lett
245 1 0 _aZoological Letters
_h[electronic resource] /
_cedited by Shigeru Kuratani, Takema Fukatsu, Tatsuya Hirasawa.
264 1 _aLondon :
_bBioMed Central :
_bImprint: BioMed Central.
300 _bonline resource.
520 _aZoological Letters is an open access journal that publishes new and important findings in the zoological sciences. As a sister journal to Zoological Science, Zoological Letters covers a wide range of basic fields of zoology, from taxonomy to bioinformatics. We also welcome submissions of paleontology reports as part of our effort to contribute to the development of new perspectives in evolutionary zoology. Our goal is to serve as a global publishing forum for fundamental researchers in all fields of zoology.
650 0 _aZoology.
650 0 _aPhysiology.
650 0 _aPaleontology .
650 1 4 _aZoology.
650 2 4 _aAnimal Physiology.
650 2 4 _aPaleontology.
700 1 _aKuratani, Shigeru.
_eeditor.
_4edt
_4http://id.loc.gov/vocabulary/relators/edt
_923992
700 1 _aFukatsu, Takema.
_eeditor.
_4edt
_4http://id.loc.gov/vocabulary/relators/edt
_923993
700 1 _aHirasawa, Tatsuya.
_eeditor.
_4edt
_4http://id.loc.gov/vocabulary/relators/edt
_923994
710 2 _aSpringerLink (Online service)
856 4 0 _uhttps://zoologicalletters.biomedcentral.com
_zOpen Access
999 _c460136
_d460136